Vyšší moc v soukromnoprávních poměrech

Skúmania, ako sa rôzne právne poriadky, právna náuka a súdna prax stavajú k vyššej moci. Vysvetlenie pojmu "vyššia moc" v českých a slovenských právnych predpisoch.

Salvato in:
Dettagli Bibliografici
Autore principale: Eliáš, Karel
Natura: Capitolo di libro
Lingua:ceco
Soggetti:
Tags: Aggiungi Tag
Nessun Tag, puoi essere il primo ad aggiungerne!!

MARC

LEADER 00000naa a2200000 4500
001 0282721
005 20240417075159.0
041 0 |a cze 
044 |a SK 
245 1 0 |a Vyšší moc v soukromnoprávních poměrech  |c Karel Eliáš 
520 |a Skúmania, ako sa rôzne právne poriadky, právna náuka a súdna prax stavajú k vyššej moci. Vysvetlenie pojmu "vyššia moc" v českých a slovenských právnych predpisoch. 
610 2 0 |a moc vyššia 
610 2 0 |a právo súkromné 
610 2 0 |a úpravy právne 
610 2 0 |a právo verejné 
610 2 0 |a súdy 
100 1 |a Eliáš, Karel